Democracia desfigurada. La opinión, la verdad y el pueblo.
Zapisane w:
| 1. autor: | |
|---|---|
| Kolejni autorzy: | |
| Format: | Nieznany |
| Język: | hiszpański |
| Wydane: |
Ciudad Autónoma de Buenos Aires, Argentina:
Prometeo,
2023.
|
| Seria: | Colección Pensamiento Político Contemporáneo.
|
| Hasła przedmiotowe: | |
| Etykiety: |
Dodaj etykietę
Nie ma etykietki, Dołącz pierwszą etykiete!
|
MARC
| LEADER | 00000 a2200000 4500 | ||
|---|---|---|---|
| 003 | CL-VaPUC | ||
| 005 | 20250331154521.0 | ||
| 008 | 250325t2023 ||||| |||| 00| 0 spa d | ||
| 999 | |c 447408 |d 447406 | ||
| 020 | |a 978-987-8267-05-0 | ||
| 040 | |c Pontificia Universidad Católica de Valparaíso | ||
| 082 | |2 22 |a 321.8 URB 2023 | ||
| 100 | |a Urbinati, Nadia |9 896986 |e autora | ||
| 245 | |a Democracia desfigurada. |b La opinión, la verdad y el pueblo. | ||
| 260 | |a Ciudad Autónoma de Buenos Aires, Argentina: |b Prometeo, |c 2023. | ||
| 300 | |a 331 páginas. | ||
| 490 | |a Colección Pensamiento Político Contemporáneo. | ||
| 583 | |k Yessy Sthefany Diaz Vidal |c 20250325 | ||
| 650 | 0 | |9 255256 |a Democracia |x Populismo |z Siglo 21 | |
| 650 | 0 | |9 258886 |a Gobierno representativo |x Crítica e interpretación |v Aspectos políticos y sociales |z 21 | |
| 700 | |9 897522 |a Gueler, Iael |e traducción | ||
| 942 | |2 ddc |c BK | ||
| 952 | |0 0 |1 0 |2 ddc |4 0 |6 321_800000000000000_URB_2023 |7 0 |8 A |9 601592 |a BIBDER |b BIBDER |d 2025-03-19 |e 1 |g 33686.00 |i 5666472 |o 321.8 URB 2023 |p 5666472 |r 2025-03-19 |t 1 |v 33686.00 |w 2025-03-19 |y BK |k DER | ||